| 000 | 00387cam a2200145ua 4500 | ||
|---|---|---|---|
| 041 |
_aeng _h |
||
| 082 |
_a631.587 _bKHU/IR |
||
| 100 | _aKushalani, K.B . | ||
| 245 |
_aIrrigation practice and design Vol 1& 2 / _cK.B.Kushalani. _hTextual Documents |
||
| 260 |
_aPoona : _bAlies Book Stall , _c1962. |
||
| 300 |
_a392 : _b506 ; . |
||
| 504 | _a | ||
| 942 | _cBK | ||
| 999 |
_c10526 _d10526 |
||